|
|
|
|
| LEADER |
00000nas a2200000 a 4500 |
| 001 |
158rev |
| 003 |
CL-ChBUA |
| 005 |
20120815103904.0 |
| 008 |
070810s cl 000 0 spa |
| 040 |
|
|
|a CL-ChBUA
|c CL-ChBUA
|
| 090 |
|
|
|c 21794
|d 21794
|
| 245 |
1 |
|
|a Cuadernos Americanos.
|
| 260 |
|
|
|a CL.
|b Universitaria.
|
| 310 |
|
|
|a Bimestral.
|
| 942 |
|
|
|c REVI
|
| 952 |
|
|
|0 0
|1 0
|2 ddc
|4 0
|6 VOL___18_Nº_6_194400000000000
|7 0
|9 35674
|a UNACH
|b UNACH
|d 2007-08-13
|l 0
|o Vol. 18 Nº 6, 1944
|p 36767
|r 2012-08-08
|w 2012-08-08
|y REVI
|
| 952 |
|
|
|0 0
|1 0
|2 ddc
|4 0
|6 VOL___27_Nº_3_194600000000000
|7 0
|9 35675
|a UNACH
|b UNACH
|d 2007-08-13
|l 0
|o Vol. 27 Nº 3, 1946
|p 36768
|r 2012-08-08
|w 2012-08-08
|y REVI
|
| 952 |
|
|
|0 0
|1 0
|2 ddc
|4 0
|6 VOL___22_Nº_4_194500000000000
|7 0
|9 35676
|a UNACH
|b UNACH
|d 2007-08-13
|l 0
|o Vol. 22 Nº 4, 1945
|p 36769
|r 2012-08-08
|w 2012-08-08
|y REVI
|
| 952 |
|
|
|0 0
|1 0
|2 ddc
|4 0
|6 VOL___23_Nº_5_194500000000000
|7 0
|9 35677
|a UNACH
|b UNACH
|d 2007-08-13
|l 0
|o Vol. 23 Nº 5, 1945
|p 36770
|r 2012-08-08
|w 2012-08-08
|y REVI
|
| 952 |
|
|
|0 0
|1 0
|2 ddc
|4 0
|6 VOL___24_Nº_6_194500000000000
|7 0
|9 35678
|a UNACH
|b UNACH
|d 2007-08-13
|l 0
|o Vol. 24 Nº 6, 1945
|p 36771
|r 2012-08-08
|w 2012-08-08
|y REVI
|
| 952 |
|
|
|0 0
|1 0
|2 ddc
|4 0
|6 VOL___31_Nº_1_194700000000000
|7 0
|9 35679
|a UNACH
|b UNACH
|d 2007-08-13
|l 0
|o Vol. 31 Nº 1, 1947
|p 36772
|r 2012-08-08
|w 2012-08-08
|y REVI
|
| 952 |
|
|
|0 0
|1 0
|2 ddc
|4 0
|6 VOL___32_Nº_2_194700000000000
|7 0
|9 35680
|a UNACH
|b UNACH
|d 2007-08-13
|l 0
|o Vol. 32 Nº 2, 1947
|p 36773
|r 2012-08-08
|w 2012-08-08
|y REVI
|
| 952 |
|
|
|0 0
|1 0
|2 ddc
|4 0
|6 VOL___104_Nº_3_195900000000000
|7 0
|9 35681
|a UNACH
|b UNACH
|d 2007-08-13
|l 0
|o Vol. 104 Nº 3, 1959
|p 36774
|r 2012-08-08
|w 2012-08-08
|y REVI
|
| 999 |
|
|
|c 21794
|d 21794
|